Togo-visa - Statistics

Yleistilastot
  • Tätä visaa on pelattu 220 kertaa
  • Keskiarvotulos 10 / 18
Vastaustilastot
Vihje Vastaus % Oikein
Virallinen kieli Ranska
96%
Naapurimaat Benin
94%
Naapurimaat Ghana
92%
Naapurimaat Burkina Faso
88%
Valtio, jonka siirtomaa Togo oli vuosina 1884–1916 Saksa
87%
Togo sijaitsee tämän merenlahden rannalla Guineanlahti
83%
20 % Togon viennistä kattava papu Kaakao
79%
Suurin järvi Togojärvi
68%
Pääkaupunki Lomé
66%
Historiallinen käsite Togon ja ympäröivien maiden rannikkoalueille {Orja}rannikko
65%
Togo on tämän afrikkalaisen viljelykasvin viidenneksi suurin tuottaja Jamssi
45%
Togolla on tämän lannoitteissa käytettävän aineen neljänneksi suurimmat varannot Fosfaatti
25%
Togon siirtomaa-aikainen nimi Togomaa
24%
Kansalliskielet ja puhutuimmat kielet Ewe
18%
Tämänkaltaista uskontoa seuraa Togossa suurempi osa väestöstä kuin missään muualla Afrikassa Animismi
17%
Pisin joki Mono
17%
Kansalliskielet ja puhutuimmat kielet Kabye
16%
Toiseksi suurin kaupunki, sijaitsee yllä olevan varrella Sokodé
15%
Ehtoja vastaavia visoja ei löytynyt
Tulosjakauma
Jokaisen tuloksen saaneiden osuus
Persentiili vastausten määrän mukaan
Tuloshistoriasi
Et ole pelannut tätä visaa